Kỹ thuật nuôi cá lồng biển
Na minha lista:
| Autor principal: | |
|---|---|
| Formato: | Livro |
| Idioma: | Undetermined |
| Publicado em: |
Thành phố Hồ Chí Minh
Nông Nghiệp
2004
|
| Assuntos: | |
| Tags: |
Adicionar Tag
Sem tags, seja o primeiro a adicionar uma tag!
|
| Thư viện lưu trữ: | Trung tâm Học liệu Trường Đại học Cần Thơ |
|---|
| LEADER | 00599nam a2200193Ia 4500 | ||
|---|---|---|---|
| 001 | CTU_74740 | ||
| 008 | 210402s9999 xx 000 0 und d | ||
| 020 | |c 15000 | ||
| 082 | |a 639.32 | ||
| 082 | |b L550/T.1 | ||
| 100 | |a Ngô, Trọng Lư | ||
| 245 | 0 | |a Kỹ thuật nuôi cá lồng biển | |
| 245 | 0 | |c Ngô Trọng Lư, Thái Bá Hổ, Nguyễn Kim Độ | |
| 260 | |a Thành phố Hồ Chí Minh | ||
| 260 | |b Nông Nghiệp | ||
| 260 | |c 2004 | ||
| 650 | |a Fish culture,Salt fishes | ||
| 904 | |i Năm | ||
| 980 | |a Trung tâm Học liệu Trường Đại học Cần Thơ | ||